Normal view
MARC view
- TE-43-A
Entry Geographic Name
001 - CONTROL NUMBER
- control field: 131425
003 - CONTROL NUMBER IDENTIFIER
- control field: NUST
005 - DATE AND TIME OF LATEST TRANSACTION
- control field: 20251022122152.0
008 - FIXED-LENGTH DATA ELEMENTS
- fixed length control field: 251022|| aca||aabn | a|a d
040 ## - CATALOGING SOURCE
- Original cataloging agency: NUST
- Transcribing agency: NUST
151 ## - HEADING--GEOGRAPHIC NAME
- Geographic name: TE-43-A
670 ## - SOURCE DATA FOUND
- Source citation: Work cat.: (NUST)188340: Akhtar,Ali (TE-43) 131424, Interoperability between GSM and Wi-Fi Systems /, July 2010
